Benjamin Franklin: True or False? - Statistics

General Stats
  • This quiz has been taken 23 times
  • The average score is 6 of 10
Answer Stats
Question Answer % Correct
He printed one of the biggest newspaper in the colonial United States. True
100%
He is found on the United States' 10 dollar bill. False
86%
He was born in Philadelphia. False
71%
He owned slaves for his entire life. False
71%
He never became president or vice president. True
71%
He signed the Treaty of Paris. True
57%
He published Poor Richard's Almanack. True
57%
He was the first American diplomat to Prussia. True
43%
He once used the pseudonym of "Silence Dogood". True
43%
He outlived his wife and children. False
29%
No matching quizzes found
Score Distribution
Percent of People with Each Score
Percentile by Number Answered
Your Score History
You have not taken this quiz